00673nam a22001577a 4500003000800000005001700008008004100025040002100066082001700087110001900104245018400123260003900307300002500346500012800371650001600499BD-DhUL20180304143429.0180304s2004 xxu||||| |||| 001 0 eng d aBD-DhULcBD-DhUL a364.256bUNR 0aUnited Nations 0aReport of the committee on the elimination of racial discrimination : sixty-fourth session (23 February-12 March, 2004), sixty-fifth session (2-20 August, 2004) /cUnited Nations aNew York :bUnited Nations,c2004. avi, 123 p. ; c28 cm a"General assembly, official records, fifty-ninth session, supplements no. 18(A/59/118)" Includes bibliographical references 0aCriminology